000 00268nam a2200121 a 4500
001 4140
005 20140414132038.0
008 090218s19uu xx 00 eng d
050 _aTR
_bW62 1994
100 _aChristensen, Nancy
245 _aWho am I.
999 _c113771
_d113771